[Event "ODEM U25B 2013"]
[Site "Oberhof GER"]
[Date "2013.05.20"]
[Round "3"]
[White "Schilay, Lorenz"]
[Black "Granzin, David"]
[Result "1-0"]
[Termination "normal"]
[Board "1"]
[WhiteElo "1543"]
[BlackElo "1391"]
[PlyCount "110"]
[WhiteFideId "12930180"]
[BlackFideId "12922145"]
[EventCountry "GER"]
[EventRounds "9"]
[EventType "swiss"]
[EventDate "2013.05.18"]

1. e4 d5 2. exd5 Nf6 3. c4 e6 4. dxe6 Bxe6 5. d4 g6 6. Nc3 Bg7 7. Be3 O-O 8.
Nf3 Nbd7 9. Bd3 Nb6 10. b3 Bg4 11. h3 Bxf3 12. Qxf3 Re8 13. O-O c6 14. Rad1 Qe7
15. Rfe1 Rad8 16. Re2 Qb4 17. Ne4 Nxe4 18. Bxe4 Qe7 19. Bd3 Qh4 20. c5 Nd5 21.
Rc2 Nb4 22. Rc4 Nxd3 23. Rxd3 Rd5 24. Qf4 Qxf4 25. Bxf4 Re4 26. Be3 f5 27. f3
Rxe3 28. Rxe3 Bxd4 29. Rxd4 Rxd4 30. Re7 Rd1+ 31. Kf2 Rd2+ 32. Kg3 Rxa2 33.
Rxb7 Ra5 34. b4 Ra4 35. Kf4 a5 36. Ke5 Rxb4 37. Rb6 Rc4 38. Rxc6 Kg7 39. Rc7+
Kf8 40. Kd5 Rc2 41. g4 a4 42. Ra7 Rd2+ 43. Kc4 Ke8 44. Rxa4 Kd7 45. Kb5 Rb2+
46. Rb4 Rc2 47. Kb6 fxg4 48. fxg4 Rf2 49. Rd4+ Kc8 50. Kc6 Rf6+ 51. Rd6 Rf7 52.
g5 Rc7+ 53. Kd5 Kb7 54. Rb6+ Ka8 55. c6 h6 1-0

[Event "ODEM U25B 2013"]
[Site "Oberhof GER"]
[Date "2013.05.20"]
[Round "3"]
[White "Reyher, Susan"]
[Black "Hesse, Henrik"]
[Result "1-0"]
[Termination "normal"]
[Board "2"]
[WhiteElo "1382"]
[BlackElo "1701"]
[PlyCount "37"]
[WhiteFideId "24686107"]
[BlackFideId "12952060"]
[EventCountry "GER"]
[EventRounds "9"]
[EventType "swiss"]
[EventDate "2013.05.18"]

1. e4 e5 2. Nf3 Nf6 3. Nxe5 d6 4. Nf3 Nxe4 5. d4 d5 6. Bd3 Nc6 7. O-O Be7 8. c4
Nb4 9. Be2 Be6 10. a3 Nc6 11. Bd3 f5 12. b3 O-O 13. Re1 Bf6 14. Bb2 Qd7 15. Nc3
Rfe8 16. Rc1 Rad8 17. cxd5 Bxd5 18. Nxd5 Qxd5 19. Bc4 1-0

[Event "ODEM U25B 2013"]
[Site "Oberhof GER"]
[Date "2013.05.20"]
[Round "3"]
[White "Usczeck, Alina"]
[Black "Preißler, Niklas"]
[Result "1/2-1/2"]
[Termination "normal"]
[Board "3"]
[WhiteElo "1380"]
[BlackElo "1746"]
[PlyCount "61"]
[WhiteFideId "12938114"]
[BlackFideId "12927554"]
[EventCountry "GER"]
[EventRounds "9"]
[EventType "swiss"]
[EventDate "2013.05.18"]

1. e4 c5 2. Nc3 d6 3. f4 Nf6 4. Bb5+ Bd7 5. Bxd7+ Qxd7 6. d3 Nc6 7. h3 h5 8.
Nf3 e6 9. O-O Be7 10. Bd2 a6 11. a3 O-O 12. Qe1 Rac8 13. Be3 b5 14. Qg3 Qb7 15.
Rab1 b4 16. Ne2 Qc7 17. a4 c4 18. e5 Nd5 19. exd6 Qxd6 20. Nfd4 Nxe3 21. Qxe3
Nxd4 22. Nxd4 cxd3 23. Qxd3 Rfd8 24. c3 Bf6 25. Rbd1 bxc3 26. bxc3 Qc5 27. Qxa6
Qxc3 28. Nb5 Qc5+ 29. Kh2 Ra8 30. Rxd8+ Rxd8 31. Qa5 1/2-1/2

[Event "ODEM U25B 2013"]
[Site "Oberhof GER"]
[Date "2013.05.20"]
[Round "3"]
[White "Gose, Paul-Lukas"]
[Black "Hinrichs, Niklas"]
[Result "1/2-1/2"]
[Termination "normal"]
[Board "4"]
[WhiteElo "1475"]
[BlackElo "1373"]
[PlyCount "71"]
[WhiteFideId "34688994"]
[BlackFideId "12942499"]
[EventCountry "GER"]
[EventRounds "9"]
[EventType "swiss"]
[EventDate "2013.05.18"]

1. d4 d5 2. c4 c6 3. Nc3 e6 4. Nf3 Nf6 5. Bg5 Be7 6. e3 O-O 7. c5 Nbd7 8. Be2
h6 9. Bh4 Nh7 10. Bg3 Ng5 11. O-O Nxf3+ 12. Bxf3 f6 13. Qc2 Qe8 14. b4 a6 15.
a4 e5 16. Qb3 e4 17. Nxe4 f5 18. Nd6 Qg6 19. Qd1 Nf6 20. Qe2 Bxd6 21. Bxd6 Rd8
22. b5 Ne8 23. Bh5 Qe6 24. Be5 Nf6 25. bxc6 bxc6 26. Rab1 a5 27. Rb6 Nd7 28.
Qb2 Nxb6 29. cxb6 Bb7 30. Bc7 Rf8 31. Rc1 Kh8 32. Rc5 Qe4 33. h3 Kh7 34. Bf3
Qe7 35. Qc3 Kh8 36. Kf1 1/2-1/2

[Event "ODEM U25B 2013"]
[Site "Oberhof GER"]
[Date "2013.05.20"]
[Round "3"]
[White "Schmidt, Alexandra"]
[Black "Reimann, Matthias"]
[Result "1/2-1/2"]
[Termination "normal"]
[Board "5"]
[WhiteElo "1512"]
[BlackElo "1626"]
[PlyCount "74"]
[WhiteFideId "12946036"]
[BlackFideId "12928046"]
[EventCountry "GER"]
[EventRounds "9"]
[EventType "swiss"]
[EventDate "2013.05.18"]

1. e4 c5 2. Nf3 Nc6 3. d4 cxd4 4. Nxd4 e5 5. Nb5 a6 6. Nd6+ Bxd6 7. Qxd6 Qf6 8.
Qxf6 Nxf6 9. Nc3 d5 10. Nxd5 Nxd5 11. exd5 Nb4 12. Bd3 Nxd3+ 13. cxd3 Bf5 14.
O-O O-O-O 15. Be3 Rxd5 16. Rfc1+ Kb8 17. Bb6 f6 18. Bc7+ Ka7 19. a4 a5 20. Rc3
Ka6 21. Rd1 Bd7 22. b3 Bc6 23. f4 e4 24. f5 Rxf5 25. dxe4 Bxe4 26. Rd7 g6 27.
Rd6+ Bc6 28. Bd8 Re8 29. h3 Re2 30. Rf3 Rxf3 31. gxf3 f5 32. Rd3 Re8 33. Kf2
Re6 34. Kg3 b5 35. axb5+ Kxb5 36. Kf4 h6 37. h4 Kb4 1/2-1/2

[Event "ODEM U25B 2013"]
[Site "Oberhof GER"]
[Date "2013.05.20"]
[Round "3"]
[White "Schramm, Anna-Lena"]
[Black "Dittrich, Tom"]
[Result "0-1"]
[Termination "normal"]
[Board "6"]
[WhiteElo "1420"]
[BlackElo "1648"]
[PlyCount "78"]
[WhiteFideId "12918237"]
[BlackFideId "12923532"]
[EventCountry "GER"]
[EventRounds "9"]
[EventType "swiss"]
[EventDate "2013.05.18"]

1. e4 c5 2. c4 d6 3. Nc3 Nc6 4. Nf3 Bg4 5. h3 Bxf3 6. Qxf3 g6 7. g3 Bg7 8. Bg2
e6 9. d3 Nge7 10. O-O Nd4 11. Qd1 Nec6 12. Be3 Rb8 13. Rb1 O-O 14. Bf4 a6 15.
Qd2 b5 16. cxb5 axb5 17. Rfe1 b4 18. Ne2 Qd7 19. Nxd4 Nxd4 20. e5 dxe5 21. Bxe5
Bxe5 22. Rxe5 Rfc8 23. Rc1 Qd6 24. Re4 c4 25. Kh1 cxd3 26. Rxc8+ Rxc8 27. Qxd3
Rd8 28. Re1 Nf5 29. Qc2 Qd2 30. Re2 Qd6 31. Qe4 Qb6 32. Kh2 Nd6 33. Qf4 Nf5 34.
Rc2 b3 35. axb3 Qxb3 36. Be4 Qb5 37. Bc6 Qb3 38. Ba4 Qd5 39. b3 Nd4 0-1

[Event "ODEM U25B 2013"]
[Site "Oberhof GER"]
[Date "2013.05.20"]
[Round "3"]
[White "Thumm, Niklas"]
[Black "Grüninger, Maxim"]
[Result "1-0"]
[Termination "normal"]
[Board "7"]
[WhiteElo "1330"]
[BlackElo "1445"]
[PlyCount "119"]
[WhiteFideId "12918733"]
[BlackFideId "12942960"]
[EventCountry "GER"]
[EventRounds "9"]
[EventType "swiss"]
[EventDate "2013.05.18"]

1. e4 e5 2. Nf3 Nc6 3. Bc4 Bc5 4. b4 Bxb4 5. c3 Ba5 6. Qb3 Qf6 7. O-O Nge7 8.
Rd1 Bb6 9. d3 h6 10. Be3 Na5 11. Qb5 c6 12. Qxe5 Bxe3 13. fxe3 Qxe5 14. Nxe5
Nxc4 15. Nxc4 O-O 16. Nd6 b5 17. Nd2 Ba6 18. Nb3 g6 19. Nc5 Nc8 20. e5 Nxd6 21.
exd6 Bc8 22. d4 a5 23. a3 f5 24. d5 cxd5 25. Rxd5 Re8 26. Re1 Rb8 27. e4 Bb7
28. Rd4 Bxe4 29. Nxd7 Rbd8 30. Nf6+ Kf7 31. Nxe8 Rxe8 32. d7 Rd8 33. Rd6 Ke7
34. Rxg6 Rxd7 35. Rxh6 Rd3 36. Rc1 Rd2 37. Rg6 Ra2 38. c4 bxc4 39. Rxc4 Ra1+
40. Kf2 Ra2+ 41. Ke1 Rxa3 42. Rc7+ Kd8 43. Ra7 Ra1+ 44. Kd2 Ra2+ 45. Kc1 Rxg2
46. Rxg2 Bxg2 47. Rxa5 Be4 48. h4 Ke7 49. Ra6 Kf7 50. Kd2 Bd5 51. Ke3 Bg2 52.
Kf4 Bh3 53. h5 Kg7 54. h6+ Kh7 55. Kg5 Bf1 56. Ra7+ Kh8 57. Kg6 Bc4 58. Ra8+
Bg8 59. h7 f4 60. hxg8=Q# 1-0

[Event "ODEM U25B 2013"]
[Site "Oberhof GER"]
[Date "2013.05.20"]
[Round "3"]
[White "Sherif, Malik"]
[Black "Morio, Estelle"]
[Result "1-0"]
[Termination "normal"]
[Board "8"]
[WhiteElo "1440"]
[BlackElo "1322"]
[PlyCount "81"]
[WhiteFideId "12911755"]
[BlackFideId "12951951"]
[EventCountry "GER"]
[EventRounds "9"]
[EventType "swiss"]
[EventDate "2013.05.18"]

1. e4 d6 2. d4 Nf6 3. Nc3 Nbd7 4. g4 h6 5. Be3 e5 6. h3 Be7 7. Bg2 c6 8. Nge2
Qc7 9. Ng3 Nb6 10. Qd3 Bd7 11. Nce2 O-O-O 12. f4 g6 13. Rf1 Rdf8 14. f5 gxf5
15. Nxf5 Bxf5 16. Rxf5 Nfd7 17. Rh5 Qd8 18. Rxh6 Bh4+ 19. Kd1 Rxh6 20. Bxh6 Rg8
21. c3 Qf6 22. Bd2 Qf2 23. Qf3 Qxf3 24. Bxf3 Nc4 25. b3 Nxd2 26. Kxd2 Rh8 27.
Bg2 Kd8 28. Rf1 Ke7 29. Rf5 Rh6 30. Kd3 a6 31. Ng1 Rh8 32. Nf3 Bf6 33. g5 Bg7
34. h4 Rh7 35. Bh3 Bh8 36. Bg4 Bg7 37. h5 exd4 38. cxd4 c5 39. g6 fxg6 40. hxg6
Rh6 41. Rf7+ 1-0

[Event "ODEM U25B 2013"]
[Site "Oberhof GER"]
[Date "2013.05.20"]
[Round "3"]
[White "Wolff, Marie Antoinette"]
[Black "Arnold, Leander"]
[Result "0-1"]
[Termination "normal"]
[Board "9"]
[WhiteElo "1280"]
[BlackElo "1435"]
[PlyCount "114"]
[WhiteFideId "12908258"]
[BlackFideId "12990230"]
[EventCountry "GER"]
[EventRounds "9"]
[EventType "swiss"]
[EventDate "2013.05.18"]

1. c4 e5 2. Nc3 Nc6 3. g3 g6 4. Bg2 Bg7 5. Nf3 Nf6 6. d3 d6 7. O-O O-O 8. b3
Re8 9. Bb2 h6 10. Rb1 Be6 11. Nd2 Qd7 12. Nd5 Rac8 13. Nxf6+ Bxf6 14. Ne4 Bg7
15. Re1 Bh3 16. Bh1 f5 17. Nd2 f4 18. Nf3 fxg3 19. fxg3 Rf8 20. Qd2 Qf5 21. e4
Qf6 22. Rbc1 Rf7 23. c5 Rcf8 24. cxd6 cxd6 25. Qe3 g5 26. Ba3 g4 27. Nd2 h5 28.
Bg2 Bh6 29. Qe2 Nd4 30. Qf1 Bxd2 31. Qxf6 Rxf6 32. Bxd6 Rxd6 33. Rcd1 Bxe1 34.
Rxe1 Nf3+ 35. Bxf3 gxf3 36. Kf2 Rxd3 37. Rc1 Rd2+ 38. Ke3 f2 39. Kxd2 f1=Q 40.
Rxf1 Rxf1 41. a4 Rf2+ 42. Kc3 Rxh2 43. b4 Rg2 44. a5 Rxg3+ 45. Kc4 Rg6 46. b5
h4 47. Kd5 Re6 48. a6 bxa6 49. bxa6 Bg4 50. Kc5 h3 51. Kc4 h2 52. Kc5 h1=Q 53.
Kd5 Qd1+ 54. Kc5 Kf7 55. Kb4 Qc1 56. Kb5 Rb6+ 57. Ka4 Qa1# 0-1

[Event "ODEM U25B 2013"]
[Site "Oberhof GER"]
[Date "2013.05.20"]
[Round "3"]
[White "Schenk, Philipp"]
[Black "Silber, Kevin"]
[Result "1/2-1/2"]
[Termination "normal"]
[Board "11"]
[WhiteElo "1213"]
[BlackElo "1542"]
[PlyCount "115"]
[BlackFideId "12930440"]
[EventCountry "GER"]
[EventRounds "9"]
[EventType "swiss"]
[EventDate "2013.05.18"]

1. e4 c6 2. d4 d5 3. exd5 cxd5 4. Bd3 Nc6 5. c3 Nf6 6. Bf4 Bg4 7. Qb3 Na5 8.
Bb5+ Bd7 9. Qa4 Qb6 10. Bxd7+ Nxd7 11. Qc2 e6 12. Nf3 Be7 13. Nbd2 Rc8 14. Rc1
O-O 15. O-O Nc6 16. Nb3 Qa6 17. Qb1 Nf6 18. Rfe1 b6 19. Ng5 h6 20. Nf3 Rfe8 21.
h3 Qb5 22. Re3 Qa6 23. Rce1 Qb7 24. Qd3 Nh5 25. Be5 Nxe5 26. Nxe5 Qc7 27. Qe2
Nf6 28. Nc1 Bd6 29. Ncd3 Qe7 30. Ng4 Ne4 31. Nde5 Rf8 32. Rf3 Qg5 33. Nd7 Rcd8
34. Nxf8 Rxf8 35. Ne5 Bxe5 36. dxe5 Qxe5 37. Re3 Qf6 38. Rf3 Qe7 39. Qb5 Rc8
40. Rf4 g5 41. Rfxe4 dxe4 42. Rxe4 Rd8 43. Rd4 Rxd4 44. cxd4 Kg7 45. Qe5+ Qf6
46. Qxf6+ Kxf6 47. f3 Ke7 48. Kf2 Kd6 49. Ke3 f5 50. g4 fxg4 51. fxg4 Kd5 52.
Kd3 b5 53. b4 a6 54. a3 e5 55. dxe5 Kxe5 56. Ke3 Kd5 57. Kd3 Ke5 58. Ke3
1/2-1/2

[Event "ODEM U25B 2013"]
[Site "Oberhof GER"]
[Date "2013.05.20"]
[Round "3"]
[White "Hausdorf, Lars"]
[Black "Binner, Jule"]
[Result "1-0"]
[Termination "normal"]
[Board "13"]
[WhiteElo "1348"]
[BlackElo "1274"]
[PlyCount "67"]
[WhiteFideId "16200390"]
[BlackFideId "16205332"]
[EventCountry "GER"]
[EventRounds "9"]
[EventType "swiss"]
[EventDate "2013.05.18"]

1. e4 c5 2. b3 d6 3. Bb2 Qc7 4. f4 Nc6 5. Nf3 a6 6. g3 b5 7. Bg2 Bb7 8. d3 Nf6
9. Qe2 Nd7 10. O-O e6 11. a3 a5 12. Qf2 a4 13. bxa4 Rxa4 14. Nc3 Ra8 15. Nxb5
Qb6 16. c4 Ba6 17. a4 Nb4 18. Rfd1 Bxb5 19. axb5 Rxa1 20. Bxa1 Qa5 21. Bc3 Qa3
22. Qd2 Qb3 23. Ra1 Nb6 24. Rd1 d5 25. exd5 exd5 26. Bxb4 Qxb4 27. Qe3+ Kd8 28.
Ne5 Kc8 29. Nxf7 Rg8 30. Qe6+ Kb7 31. Bxd5+ Nxd5 32. Qxd5+ Kc7 33. Qc6+ Kb8 34.
b6 1-0

[Event "ODEM U25B 2013"]
[Site "Oberhof GER"]
[Date "2013.05.20"]
[Round "3"]
[White "Pixa, Ulrich"]
[Black "Berg, Robert"]
[Result "1-0"]
[Termination "normal"]
[Board "14"]
[WhiteElo "1518"]
[BlackElo "1174"]
[PlyCount "59"]
[WhiteFideId "4697723"]
[EventCountry "GER"]
[EventRounds "9"]
[EventType "swiss"]
[EventDate "2013.05.18"]

1. e4 d5 2. exd5 Qxd5 3. Nc3 Qa5 4. d4 Nf6 5. Bc4 e6 6. Bf4 Bb4 7. Nge2 O-O 8.
a3 Bd6 9. O-O Nc6 10. b4 Qb6 11. Na4 Bxf4 12. Nxb6 Bxh2+ 13. Kxh2 axb6 14. Bb5
Ne7 15. Nf4 c6 16. Be2 Rd8 17. c3 Nf5 18. Qc2 c5 19. bxc5 bxc5 20. dxc5 e5 21.
Bd3 Ng4+ 22. Kg1 Nh4 23. Rfd1 Bd7 24. Ne2 Bc6 25. Bxh7+ Kh8 26. Rxd8+ Rxd8 27.
Be4 Bxe4 28. Qxe4 Rg8 29. Qxg4 b6 30. Qxh4# 1-0

[Event "ODEM U25B 2013"]
[Site "Oberhof GER"]
[Date "2013.05.20"]
[Round "3"]
[White "Finkous, Robert"]
[Black "Riehle, Fabio"]
[Result "1-0"]
[Termination "normal"]
[Board "15"]
[WhiteElo "1481"]
[BlackElo "1167"]
[PlyCount "49"]
[WhiteFideId "12979490"]
[BlackFideId "36052140"]
[EventCountry "GER"]
[EventRounds "9"]
[EventType "swiss"]
[EventDate "2013.05.18"]

1. e4 e5 2. d4 f6 3. dxe5 fxe5 4. Qh5+ Ke7 5. Qxe5+ Kf7 6. Bc4+ d5 7. Bxd5+
Qxd5 8. Qxd5+ Ke8 9. Qe5+ Ne7 10. Bg5 Rg8 11. Nc3 Nbc6 12. Qg3 h6 13. Bxe7 Bxe7
14. Qg6+ Kd8 15. O-O-O+ Bd7 16. Qe6 Bd6 17. Qxg8+ Be8 18. Nf3 Ne7 19. Qc4 Kd7
20. Ne5+ Kc8 21. Rxd6 g5 22. Qe6+ Bd7 23. Qxe7 Kb8 24. Qd8+ Bc8 25. Nd7# 1-0

[Event "ODEM U25B 2013"]
[Site "Oberhof GER"]
[Date "2013.05.20"]
[Round "3"]
[White "Gheng, Christian"]
[Black "Wu, Erik"]
[Result "1-0"]
[Termination "normal"]
[Board "16"]
[WhiteElo "1696"]
[BlackElo "1169"]
[PlyCount "99"]
[WhiteFideId "24660345"]
[BlackFideId "12977489"]
[EventCountry "GER"]
[EventRounds "9"]
[EventType "swiss"]
[EventDate "2013.05.18"]

1. e4 c5 2. Nf3 Nc6 3. d4 cxd4 4. Nxd4 g6 5. Bc4 Bg7 6. Nxc6 bxc6 7. Nc3 Nf6 8.
e5 Nh5 9. g4 d5 10. exd6 Nf6 11. g5 Nd7 12. Qe2 Be5 13. Qf3 O-O 14. Qxc6 Rb8
15. f4 Bb7 16. Qc7 Bxc3+ 17. bxc3 Bxh1 18. Qxd8 Rbxd8 19. dxe7 Rfe8 20. Kf2
Rxe7 21. Ba3 Re4 22. Bb5 Rxf4+ 23. Kg1 Be4 24. Rd1 Bf5 25. Be7 Rc8 26. Bxd7
Bxd7 27. Rxd7 Ra8 28. Kg2 Ra4 29. a3 Kg7 30. Kg3 Rc8 31. Bf6+ Kg8 32. h4 Rxa3
33. Kf4 Ra5 34. Bd4 Ra8 35. Kg4 a6 36. h5 gxh5+ 37. Kxh5 f5 38. Rg7+ Kf8 39.
Rxh7 Ra1 40. Rh8+ Kf7 41. g6+ Ke7 42. Rxa8 Rc1 43. g7 Rxc2 44. Bc5+ Kf6 45.
Bd4+ Ke7 46. Ra7+ Ke6 47. g8=Q+ Kd6 48. Rxa6+ Ke7 49. Qg7+ Ke8 50. Ra8# 1-0

[Event "ODEM U25B 2013"]
[Site "Oberhof GER"]
[Date "2013.05.20"]
[Round "3"]
[White "Bajorski, Marius"]
[Black "Vinogradov, Anatoli"]
[Result "0-1"]
[Termination "normal"]
[Board "17"]
[WhiteElo "1136"]
[BlackElo "1410"]
[PlyCount "64"]
[WhiteFideId "12938831"]
[BlackFideId "12977802"]
[EventCountry "GER"]
[EventRounds "9"]
[EventType "swiss"]
[EventDate "2013.05.18"]

1. e4 e5 2. Nf3 Nc6 3. Bb5 Nf6 4. Nc3 Bb4 5. O-O Bxc3 6. dxc3 d6 7. Re1 O-O 8.
Bg5 Bg4 9. Qd2 Bxf3 10. gxf3 a6 11. Bc4 h6 12. Bh4 g5 13. Kh1 Nh7 14. Rg1 Kh8
15. Bg3 f5 16. exf5 Rxf5 17. Bd5 Nf6 18. Qd3 Qd7 19. Be4 Nxe4 20. fxe4 Rf7 21.
c4 Nd4 22. Rge1 Nf3 23. Re3 Raf8 24. Rd1 Qh3 25. Rg1 Kh7 26. Rg2 h5 27. b4 h4
28. a4 hxg3 29. fxg3 Nd2 30. g4 Rf1+ 31. Rg1 Rxg1+ 32. Kxg1 Rf1+ 0-1

[Event "ODEM U25B 2013"]
[Site "Oberhof GER"]
[Date "2013.05.20"]
[Round "3"]
[White "Rank, Thomas"]
[Black "Zeuner, Ole"]
[Result "1-0"]
[Termination "normal"]
[Board "18"]
[WhiteElo "1407"]
[BlackElo "1135"]
[PlyCount "131"]
[WhiteFideId "12967351"]
[BlackFideId "12943576"]
[EventCountry "GER"]
[EventRounds "9"]
[EventType "swiss"]
[EventDate "2013.05.18"]

1. e4 e5 2. Nf3 Nc6 3. Bc4 Nf6 4. d3 Bc5 5. c3 O-O 6. Bb3 d5 7. Qe2 Bg4 8. O-O
Ne7 9. h3 Bh5 10. Nbd2 c6 11. exd5 cxd5 12. Qxe5 Ng6 13. Qg5 Bxf3 14. Nxf3 h6
15. Qd2 Re8 16. Re1 Qd7 17. Bc2 Re7 18. b4 Bb6 19. Bb2 Qd6 20. c4 dxc4 21. dxc4
Qxd2 22. Nxd2 Rae8 23. Rxe7 Rxe7 24. Kf1 Nf4 25. Bd1 Nd3 26. Bc2 Nxb2 27. Rb1
Bd4 28. Nf3 Bc3 29. Bb3 Nd3 30. a3 Ne4 31. Bc2 Nb2 32. Rc1 Nxc4 33. Bxe4 Nd2+
34. Nxd2 Rc7 35. Nb1 Be5 36. Rxc7 Bxc7 37. Bxb7 Kf8 38. Ke2 Ke7 39. Kd3 Kd6 40.
Kc4 Bb6 41. Nc3 Kc7 42. Bd5 f6 43. f3 Kd6 44. a4 Ke5 45. a5 Bg1 46. b5 Kd6 47.
Na4 Kc7 48. Be4 Bf2 49. Kd5 g5 50. Ke6 Bd4 51. b6+ axb6 52. axb6+ Kb8 53. Kf5
h5 54. f4 gxf4 55. Kxf4 h4 56. b7 Be5+ 57. Kf5 Ka7 58. Nc5 Kb8 59. Nd7+ Ka7 60.
Nxe5 fxe5 61. Kxe5 Kb8 62. Kd6 Ka7 63. Kc7 Ka6 64. b8=Q Ka5 65. Bc6 Ka6 66.
Qb6# 1-0

[Event "ODEM U25B 2013"]
[Site "Oberhof GER"]
[Date "2013.05.20"]
[Round "3"]
[White "Grünwald, Max"]
[Black "Hagenbeck-Hübert, Lara"]
[Result "1-0"]
[Termination "normal"]
[Board "19"]
[WhiteElo "1118"]
[BlackElo "1338"]
[PlyCount "95"]
[WhiteFideId "12992283"]
[BlackFideId "12964484"]
[EventCountry "GER"]
[EventRounds "9"]
[EventType "swiss"]
[EventDate "2013.05.18"]

1. e4 e5 2. f4 Nc6 3. Nf3 Bc5 4. Bc4 d6 5. Nc3 Bg4 6. Bxf7+ Kxf7 7. Ng5+ Ke8 8.
Qxg4 Nd4 9. O-O Nxc2+ 10. Kh1 Nxa1 11. Nxh7 Rxh7 12. Qg6+ Ke7 13. Qxh7 Qf8 14.
Nd5+ Kd7 15. Qh3+ Kd8 16. Qc3 Ne7 17. b4 Nxd5 18. exd5 Bd4 19. Qd3 Qf6 20. fxe5
Qxe5 21. Rf8+ Ke7 22. Rf5 Qe1+ 23. Rf1 Qh4 24. Qe2+ Be5 25. g3 Qxb4 26. Qf3 Rh8
27. d4 Qxd4 28. Bg5+ Bf6 29. Qe2+ Qe5 30. Qf2 Bxg5 31. Re1 Qxe1+ 32. Qxe1+ Kd7
33. Qxa1 Bf6 34. Qb1 b6 35. Qf5+ Kd8 36. Kg2 Re8 37. Kf3 Re5 38. Qh7 a5 39.
Qg8+ Kd7 40. Qa8 Rf5+ 41. Kg4 Rf2 42. Qc6+ Kd8 43. h4 Rxa2 44. Kf5 a4 45. Qb5
a3 46. Ke6 Re2+ 47. Qxe2 Bb2 48. Qa6 1-0

[Event "ODEM U25B 2013"]
[Site "Oberhof GER"]
[Date "2013.05.20"]
[Round "3"]
[White "Walter, Daniel"]
[Black "Wiemann, Daniel"]
[Result "1-0"]
[Termination "normal"]
[Board "20"]
[WhiteElo "1338"]
[BlackElo "1457"]
[PlyCount "107"]
[WhiteFideId "12983110"]
[BlackFideId "12942944"]
[EventCountry "GER"]
[EventRounds "9"]
[EventType "swiss"]
[EventDate "2013.05.18"]

1. e4 e5 2. Bc4 Bc5 3. Nf3 Nc6 4. c3 Nf6 5. d4 exd4 6. cxd4 Bb4+ 7. Bd2 Nxe4 8.
Bxb4 Nxb4 9. Bxf7+ Kxf7 10. Qb3+ Kf8 11. Qxb4+ d6 12. O-O Nf6 13. Re1 Nd5 14.
Qb3 c6 15. Nc3 Nxc3 16. bxc3 Qf6 17. Re2 Be6 18. Rae1 Re8 19. Qb4 Qh6 20. Qxd6+
Kf7 21. h3 Re7 22. Ne5+ Kf8 23. Qd8+ Re8 24. Qd6+ Kg8 25. Ng4 Qg6 26. Rxe6 Rxe6
27. Qxe6+ Qxe6 28. Rxe6 Kf7 29. Re3 h5 30. Ne5+ Kg8 31. Nf3 g6 32. Re7 Rh7 33.
Rxh7 Kxh7 34. Ng5+ Kg7 35. Ne6+ Kf6 36. Nd8 b5 37. Nxc6 a6 38. d5 Kf7 39. Ne5+
Kf6 40. d6 Ke6 41. d7 Ke7 42. Kf1 Kd8 43. Ke2 Ke7 44. Kd3 Kd8 45. Kd4 Ke7 46.
Kd5 Kd8 47. Kc6 b4 48. Nf7+ Ke7 49. d8=Q+ Kxf7 50. Kd6 Kg7 51. Ke7 Kh7 52. Qf8
a5 53. Kf6 a4 54. Qg7# 1-0

[Event "ODEM U25B 2013"]
[Site "Oberhof GER"]
[Date "2013.05.20"]
[Round "3"]
[White "Schier, Lukas"]
[Black "Lange, Cecilia"]
[Result "1-0"]
[Termination "normal"]
[Board "21"]
[WhiteElo "1327"]
[BlackElo "1116"]
[PlyCount "45"]
[BlackFideId "12976040"]
[EventCountry "GER"]
[EventRounds "9"]
[EventType "swiss"]
[EventDate "2013.05.18"]

1. e4 e5 2. Nf3 Nc6 3. d4 exd4 4. Nxd4 Nf6 5. Nxc6 dxc6 6. Qxd8+ Kxd8 7. Bg5
Be7 8. Nc3 Be6 9. O-O-O+ Kc8 10. e5 Ng4 11. Bxe7 Nxf2 12. Be2 Nxh1 13. Rxh1 Re8
14. Bh4 Bd7 15. Rf1 Be6 16. Bf3 Bc4 17. Bg4+ Kb8 18. Rd1 b6 19. Rd7 Rxe5 20.
Bg3 Re8 21. Rxc7 Re1+ 22. Kd2 Rg1 23. Rxf7# 1-0

[Event "ODEM U25B 2013"]
[Site "Oberhof GER"]
[Date "2013.05.20"]
[Round "3"]
[White "Schrader, Alia"]
[Black "Matuschak, Henry"]
[Result "1-0"]
[Termination "normal"]
[Board "22"]
[WhiteElo "1311"]
[BlackElo "1082"]
[PlyCount "137"]
[WhiteFideId "16270312"]
[EventCountry "GER"]
[EventRounds "9"]
[EventType "swiss"]
[EventDate "2013.05.18"]

1. e4 e5 2. Nf3 Nc6 3. Nc3 Nf6 4. d4 exd4 5. Nxd4 Bb4 6. Nxc6 bxc6 7. Bd2 O-O
8. e5 Re8 9. Qe2 d6 10. f4 dxe5 11. fxe5 Bg4 12. Qe3 Nd5 13. Qd4 Bxc3 14. Bxc3
Nxc3 15. Qxc3 Qd5 16. Bc4 Rxe5+ 17. Kf2 Rf5+ 18. Kg3 Qe4 19. Rhf1 Rxf1 20. Rxf1
Bh5 21. h3 Bg6 22. Bd3 Qe6 23. Kh2 Qd6+ 24. Kg1 Bxd3 25. cxd3 Rd8 26. Rf3 Qg6
27. Qc4 c5 28. Qxc5 Qb6 29. Qxb6 axb6 30. Kf2 f6 31. Ke2 Kf7 32. Kd2 c5 33. Kc3
Rd4 34. Re3 b5 35. a3 Rd6 36. Re4 Re6 37. b4 Rxe4 38. dxe4 Ke6 39. bxc5 Kd7 40.
Kb4 Kc6 41. h4 h5 42. g3 g6 43. Kc3 Kxc5 44. Kd3 Kd6 45. Kd4 Kc6 46. e5 fxe5+
47. Kxe5 Kc5 48. Kf6 Kc4 49. Kxg6 Kb3 50. Kxh5 Kxa3 51. g4 b4 52. g5 b3 53. g6
b2 54. g7 b1=Q 55. g8=Q Qf5+ 56. Qg5 Qh7+ 57. Kg4 Qe4+ 58. Qf4 Qg6+ 59. Kf3
Qc6+ 60. Qe4 Qf6+ 61. Ke2 Qb2+ 62. Kd1 Qa1+ 63. Kd2 Kb3 64. Qd3+ Kb4 65. h5
Qb2+ 66. Ke3 Qh2 67. Qd2+ Qxd2+ 68. Kxd2 Kc5 69. h6 1-0

[Event "ODEM U25B 2013"]
[Site "Oberhof GER"]
[Date "2013.05.20"]
[Round "3"]
[White "Schumacher, Aaron"]
[Black "Mönster, Michel"]
[Result "1-0"]
[Termination "normal"]
[Board "23"]
[WhiteElo "1068"]
[BlackElo "1310"]
[PlyCount "81"]
[BlackFideId "12947164"]
[EventCountry "GER"]
[EventRounds "9"]
[EventType "swiss"]
[EventDate "2013.05.18"]

1. d4 e6 2. e4 d5 3. e5 c5 4. c3 Nc6 5. Nf3 Nh6 6. Bxh6 gxh6 7. a3 Bd7 8. Qd2
Qb6 9. b4 cxd4 10. cxd4 a5 11. b5 Na7 12. a4 Bb4 13. Nc3 Rc8 14. Rc1 Qc7 15. b6
Qxb6 16. Be2 Bxc3 17. Rxc3 Rxc3 18. Qxc3 Bxa4 19. O-O Kd7 20. Ra1 Nb5 21. Qd3
Nxd4 22. Nxd4 Bc6 23. Nxc6 bxc6 24. Qd2 Qb4 25. Qxh6 Qb2 26. Re1 Qxe5 27. Qd2
Ra8 28. Bd3 Qd4 29. Rd1 Qg7 30. Qc2 h6 31. Rc1 Rc8 32. Bb5 Ke7 33. Qc5+ Kf6 34.
Bxc6 Qg5 35. g3 h5 36. f4 Qf5 37. Qc3+ e5 38. fxe5+ Qxe5 39. Rf1+ Ke6 40. Bd7+
Kxd7 41. Qxe5 1-0

[Event "ODEM U25B 2013"]
[Site "Oberhof GER"]
[Date "2013.05.20"]
[Round "3"]
[White "Klinkhammer, Christopher"]
[Black "Rüpke, Yannick"]
[Result "1-0"]
[Termination "normal"]
[Board "24"]
[WhiteElo "1279"]
[BlackElo "1038"]
[PlyCount "99"]
[WhiteFideId "12925020"]
[EventCountry "GER"]
[EventRounds "9"]
[EventType "swiss"]
[EventDate "2013.05.18"]

1. c4 e5 2. Nc3 Nf6 3. g3 Bc5 4. Bg2 Nc6 5. e3 d6 6. Nge2 Bg4 7. h3 Be6 8. d4
Bxc4 9. dxc5 Bxe2 10. Qxe2 d5 11. O-O Qd7 12. Qb5 Rb8 13. Nxd5 Qd8 14. Nxf6+
Qxf6 15. Bxc6+ Qxc6 16. Qxc6+ bxc6 17. Rb1 Rb5 18. b4 a5 19. a3 O-O 20. Bb2
axb4 21. axb4 f6 22. Bc3 Ra8 23. Rfd1 Ra3 24. Be1 Rb8 25. Ra1 Rb3 26. Rd7 Rc8
27. Ra7 Rb1 28. Kf1 Rc1 29. Rdxc7 Rxc7 30. Rxc7 h6 31. Rxc6 Rb1 32. Ke2 Kf7 33.
Rc7+ Kg6 34. e4 Rb2+ 35. Bd2 Rb3 36. c6 Ra3 37. Rb7 Ra8 38. c7 Rc8 39. b5 Kf7
40. b6 Ke6 41. Rb8 Kd7 42. Ba5 g6 43. b7 Rxc7 44. Rd8+ Kxd8 45. b8=Q+ Kd7 46.
Qxc7+ Ke6 47. Qc6+ Ke7 48. Bb4+ Kd8 49. Qd6+ Ke8 50. Qe7# 1-0